000 01014 a2200205 4500
003 OSt
005 20180116182924.0
008 170830b xxu||||| |||| 00| 0 eng d
020 _a9698779000
040 _c0
082 _a507.12 PAK 2002
100 _aPublications of the Islamic Educational, Scientific and Cultural Organization-ISESCO
110 _aPublications of the Islamic Educational, Scientific and Cultural Organization-ISESCO
245 _aProceedings of International Conference on the Use of New Information Technologies in the Teaching of Science.
_cPublications of the Islamic Educational, Scientific and Cultural Organization-ISESCO
_bISESCO Conference held on 18-19 March. 2002 Islamabad Pakistan
260 _aIslamabad.
_bPrinted in Pakistan by Prism Graphic.
_c2002.
300 _a229p.
_bHB
440 _aProceedings of International Conference on the Use of New Information Technologies in the Teaching of Science.
500 _aHard cover.
942 _aNBS
_cBK
_k507.12 PAK 2002
_2ddc
999 _c348560
_d348560